00463nam a2200169Ia 4500008004100000020001800041245002500059245009300084260001500177260001600192260000900208300001400217300002500231300001000256500000800266999001900274170705s9999 xx 000 0 und d a9780545382175 aMy brother Charlie / cby Holly Robinson Peete, Ryan Elizabeth and Denene Millner ; pictures by Shane W. Evans. aNew York : bScholastic, c2010 aunpaged : bcolor illustration ; c28cm. a540 c337100d337100